01823nam a22002897a 4500003000900000008004100009040007100050082004500121110005500166245006800221260003300289300002900322440006400351505078300415650002301198650001801221650001501239650002801254650002201282650003101304700002901335700002801364700002901392700003201421700002501453710005501478AR-CdUCM190425b ||||| |||| 00| 0 spa d aMUNICIPALIDAD PROVINCIAL DEL CUSCOcBIBLIOTECA MUNICIPAL DEL CUSCO aRev.Univ/N°82/1942bRev.Univ/N°82/1942 aUniversidad Nacional de San Antonio Abad del Cusco aRevista Universitaria :bÓrgano de la Universidad del Cuzco / aCusco :bH. G. Rozas,c1942. a340 páginas. :c20 cm. aRevista UniversitarianAño XXXI, 1° semestre 1942, N°82 aContenido: Tupac Amaru afirmación de peruanidad. Julián Santisteban Ochoa. -- Pasado y presente de la literatura peruana apuntes para una historia integral. Alfredo Yépez Miranda. -- Scirpus Totora Kunth y Scirpus Californ Icus. César Vargas. -- Breve reseña de los caracteres del derecho romano pre Justiniano. David Mejía S. -- Nueva estructuración agraria de las comunidades indígenas. Jorge Gabino Breña. -- Exploraciones botánicas realizadas en alto Amazonas. Fortunato L. Herrera. -- Estilos arquitectónicos incaicos. Jorge Cornejo Bouroncle. -- Canjes relación de libros recibidos durante el año 1941. -- Personal directivo, docentes y administrativos de la Universidad 1942. -- Patronato de Arqueología ordenanzas. -- Crónica universitaria. aLiteratura peruana aTúpac Amaru aBotánica aComunidades indígenas aArquitectura Inka aPatronato de Arqueología aYépez Miranda, Alfredo aCosío, José Gabriel aCornejo Bouroncle, Jorge aSantisteban Ochoa, Julián aHerrera, Fortunato L aUniversidad Nacional de San Antonio Abad del Cusco